Statistics for 战国七国地图

Click here to take the quiz!

General Stats

  • This quiz has been taken 1 582 times
  • The average score is 6 of 7

Answers on the Map

Answers color-coded by a green-red scale on the quiz's map according to % correct below.
 

Answer Stats

征服年份王国% Correct
公元前223年
94%
-
94%
公元前222年
93%
公元前222年
92%
公元前230年
91%
公元前225年
89%
公元前221年
88%

Score Distribution

Percentile by Number Answered

Percent of People with Each Score

Your Score History

You have not taken this quiz